Eastern Utah Libraries Catalog: Duchesne, Heber, Roosevelt, & Vernal

Superman and Lois. The complete first season / (Record no. 367325)

MARC details
000 -LEADER
fixed length control field 03278cgm a2200673 i 4500
001 - CONTROL NUMBER
control field 1264709130
003 - CONTROL NUMBER IDENTIFIER
control field OCoLC
005 - DATE AND TIME OF LATEST TRANSACTION
control field 20260121121313.0
007 - PHYSICAL DESCRIPTION FIXED FIELD--GENERAL INFORMATION
fixed length control field vd cvaizq
008 - FIXED-LENGTH DATA ELEMENTS--GENERAL INFORMATION
fixed length control field 210824t20212021cau672 vleng d
024 1# - OTHER STANDARD IDENTIFIER
Standard number or code 883929725342
028 42 - PUBLISHER NUMBER
Publisher number 1000780612
Source Warner Bros
035 ## - SYSTEM CONTROL NUMBER
System control number (OCoLC)1264709130
037 ## - SOURCE OF ACQUISITION
Source of stock number/acquisition Midwest Tape
Note http://www.midwesttapes.com
040 ## - CATALOGING SOURCE
Original cataloging agency TEFMT
Language of cataloging eng
Description conventions rda
Transcribing agency TEFMT
Modifying agency OCLCO
-- TEF
-- OCLCO
-- OCLCF
-- IZ8
041 1# - LANGUAGE CODE
Language code of text/sound track or separate title eng
Language code of original and/or intermediate translations of text eng
050 #4 - LIBRARY OF CONGRESS CALL NUMBER
Classification number PN1992.77
Item number .S87 2021
082 04 - DEWEY DECIMAL CLASSIFICATION NUMBER
Classification number 791.45/75
Edition number 23
092 ## - LOCALLY ASSIGNED DEWEY CALL NUMBER (OCLC)
Feature heading supermand and lois
099 ## - LOCAL FREE-TEXT CALL NUMBER (OCLC)
Classification number DVD SUP SEAS.1
130 0# - MAIN ENTRY--UNIFORM TITLE
Uniform title Superman and Lois (Television program).
Number of part/section of a work Season 1.
9 (RLIN) 6433025
245 10 - TITLE STATEMENT
Title Superman and Lois. The complete first season /
246 3# - VARYING FORM OF TITLE
Title proper/short title Superman and Lois.
Number of part/section of a work Season one.
246 3# - VARYING FORM OF TITLE
Title proper/short title Superman and Lois.
Number of part/section of a work 1st season.
264 #1 - Production, Publication, Distribution, Manufacture, and Copyright Notice.
Place of production, publication, distribution, manufacture Universal City, CA :
Name of producer, publisher, distributor, manufacturer Studio Distribution Services, Warner Bros. Entertainment ; executive producers, Greg Berlanti, Todd Helbing, Sarah Schechter, Geoff Johns.
Date of production, publication, distribution, manufacture, or copyr [2021]
300 ## - PHYSICAL DESCRIPTION
Extent 3 videodiscs (approximately 672 min.) :
Other physical details sound, color ;
Dimensions 4 3/4 in.
336 ## - Content Type
Content type term two-dimensional moving image
337 ## - Media type
Media type term video
338 ## - Carrier type
Carrier type term videodisc
500 ## - GENERAL NOTE
General note Title from container.
500 ## - GENERAL NOTE
General note Originally broadcast as single episodes of a television program in 2021.
500 ## - GENERAL NOTE
General note Wide screen.
500 ## - GENERAL NOTE
General note Special features: Superman : Alien spirit; Superman & Lois: Legacy of hope; Never alone : heroes and allies; DC FanDome panel: Superman & Lois.
511 1# - PARTICIPANT OR PERFORMER NOTE
Participant or performer note Tyler Hoechlin, Bitsie Tulloch, Jordan Elsass.
520 ## - SUMMARY, ETC.
Summary, etc After years of facing supervillains, monsters, and alien invaders intent on wiping out the human race, the world's most famous superhero and comic books' most famous journalists come face to face with one of their greatest challenges ever, dealing with all the stress, pressures and complexities that come with being working parents in today's society.
521 ## - TARGET AUDIENCE NOTE
Target audience note Rating: Not rated.
538 ## - SYSTEM DETAILS NOTE
System details note DVD, region 1, wide screen ; Dolby digital 5.1.
546 ## - LANGUAGE NOTE
Language note Subtitled for the deaf and hard of hearing (SDH).
600 00 - SUBJECT ADDED ENTRY--PERSONAL NAME
Personal name Superman
Titles and other words associated with a name (Fictitious character)
Form subdivision Drama.
9 (RLIN) 5709024
600 10 - SUBJECT ADDED ENTRY--PERSONAL NAME
Personal name Lane, Lois
Titles and other words associated with a name (Fictitious character)
Form subdivision Drama.
9 (RLIN) 6370967
655 #7 - INDEX TERM--GENRE/FORM
Genre/form data or focus term Drama.
Source of term fast
655 #7 - INDEX TERM--GENRE/FORM
Genre/form data or focus term Superhero television programs.
Source of term fast
655 #7 - INDEX TERM--GENRE/FORM
Genre/form data or focus term Television programs.
Source of term fast
655 #7 - INDEX TERM--GENRE/FORM
Genre/form data or focus term Video recordings for the hearing impaired.
Source of term fast
655 #7 - INDEX TERM--GENRE/FORM
Genre/form data or focus term Television programs.
Source of term lcgft.
9 (RLIN) 6433026
655 #7 - INDEX TERM--GENRE/FORM
Genre/form data or focus term Superhero television programs.
Source of term lcgft.
9 (RLIN) 6433027
655 #7 - INDEX TERM--GENRE/FORM
Genre/form data or focus term Video recordings for the hearing impaired.
Source of term lcgft.
9 (RLIN) 6433028
700 1# - ADDED ENTRY--PERSONAL NAME
Personal name Berlanti, Greg,
Relator term television producer.
9 (RLIN) 5759099
700 1# - ADDED ENTRY--PERSONAL NAME
Personal name Helbing, Todd,
Relator term television producer.
9 (RLIN) 6243475
700 1# - ADDED ENTRY--PERSONAL NAME
Personal name Schechter, Sarah,
Relator term television producer.
9 (RLIN) 6433029
700 1# - ADDED ENTRY--PERSONAL NAME
Personal name Johns, Geoff,
Dates associated with a name 1973-
Relator term television producer.
9 (RLIN) 57576
700 1# - ADDED ENTRY--PERSONAL NAME
Personal name Hoechlin, Tyler,
Dates associated with a name 1987-
Relator term actor.
9 (RLIN) 5734874
700 1# - ADDED ENTRY--PERSONAL NAME
Personal name Tulloch, Bitsie,
Dates associated with a name 1981-
Relator term actor.
9 (RLIN) 6433030
700 1# - ADDED ENTRY--PERSONAL NAME
Personal name Elsass, Jordan,
Relator term actor.
9 (RLIN) 6433031
710 2# - ADDED ENTRY--CORPORATE NAME
Corporate name or jurisdiction name as entry element Studio Distribution Services,
Relator term publisher.
9 (RLIN) 6419677
710 2# - ADDED ENTRY--CORPORATE NAME
Corporate name or jurisdiction name as entry element Warner Bros. Entertainment,
Relator term production company.
9 (RLIN) 52548
907 ## - LOCAL DATA ELEMENT G, LDG (RLIN)
a .b458605335
942 ## - ADDED ENTRY ELEMENTS (KOHA)
Source of classification or shelving scheme Dewey Decimal Classification
Koha item type DVD
Holdings
Withdrawn status Lost status Source of classification or shelving scheme Materials specified (bound volume or other part) Damaged status Not for loan Collection code Home library Current library Shelving location Date acquired Source of acquisition Serial Enumeration / chronology Total Checkouts Total Renewals Full call number Barcode Date last seen Date checked out Cost, replacement price Price effective from Koha item type
    Dewey Decimal Classification 3 discs     Television Series Wasatch County Library Wasatch County Library Audio Visual Area 11/19/2021 Micromarketing Season 1 8 7 TV Series Superman & Lois #1 34301001885682 01/21/2026 11/17/2025 19.98 11/19/2021 DVD Series
This project was made possible through a grant from the Institute of Museum and Library Service administered by the Utah State Library Division.

Wasatch County Library

  • 465 East 1200 South, Heber City, Utah 84032
  • Phone 435-654-1511 | Fax 435-654-6456

Hours

  • Monday - Friday 9:30 AM - 8:00 PM
  • Saturday 9:30 AM - 1:30 PM
  • Closed Sundays and Holidays